[Event "EYg12"]
[Site "Herceg Novi MNE"]
[Date "2008.09.16"]
[Round "2"]
[White "Milutinovic,Stef"]
[Black "Styazhkina,A"]
[Result "1-0"]
[WhiteElo "1627"]
[BlackElo "1898"]

1.Nf3 d5 2.g3 c6 3.Bg2 Bg4 4.O-O Nd7 5.d3 Ngf6 6.Nbd2 e6 7.e4 Be7 8.h3 Bxf3
9.Bxf3 O-O 10.Bg2 Qb6 11.Kh2 Nc5 12.e5 Nfd7 13.d4 Na6 14.Nb3 f6 15.Qg4 f5
16.Qd1 c5 17.dxc5 Naxc5 18.Nxc5 Nxc5 19.Rb1 Rac8 20.Be3 Qc7 21.f4 a6 22.c3 Ne4
23.Qe2 Bc5 24.g4 Qe7 25.g5 Qf7 26.Bf3 Bxe3 27.Qxe3 d4 28.Qe1 dxc3 29.bxc3 Rfd8
30.Rb2 Rd3 31.Bxe4 fxe4 32.Qxe4 Rcxc3 33.h4 Qh5 34.Qe1 Rh3+ 35.Kg1 Rcg3+
36.Rg2 Rxg2+ 37.Kxg2 Qg4+ 38.Kf2 Qf3+ 39.Kg1 Rh1+  1-0

[Event "EYg16"]
[Site "Herceg Novi MNE"]
[Date "2008.09.16"]
[Round "2"]
[White "Trubitsyna,Y"]
[Black "Iordanidou,Z"]
[Result "0-1"]
[WhiteElo "1872"]
[BlackElo "2060"]

1.Nf3 d5 2.g3 Nf6 3.Bg2 Bg4 4.O-O c6 5.d3 Nbd7 6.b3 e5 7.c4 Bd6 8.Bb2 O-O
9.h3 Bh5 10.Re1 Re8 11.cxd5 cxd5 12.e4 Bb4 13.Bc3 Bxc3 14.Nxc3 d4 15.Nb5 Qb6
16.a4 Bxf3 17.Bxf3 a6 18.Na3 Nc5 19.Rb1 Qb4 20.Nc4 b5 21.Nd6 Re6 22.Nf5 bxa4
23.bxa4 Qxa4 24.Qd2 Qa3 25.Red1 h6 26.Bg2 Rd8 27.f4 Qc3 28.Qe2 a5 29.Rbc1 Qb4
30.Rc4 Qb6 31.Qf2 Qb3 32.Qf1 Qb6 33.Rb1 Nb3 34.Qd1 Rb8 35.Nh4 Nd7 36.f5 Ree8
37.Nf3 Ndc5 38.Rxc5 Qxc5 39.Rxb3 Rb4 40.Rxb4 Qxb4 41.Nd2 a4 42.Nc4 a3 43.Qa1 Ra8
44.Qa2 Ra7 45.Bf3 Qc3 46.Be2 Rb7 47.Kf2 Rb4 48.g4 Qc1 49.h4 Rb2 50.Nxb2 axb2
51.g5 b1=Q 52.Qa8+ Kh7 53.g6+ fxg6 54.fxg6+ Kxg6  0-1

[Event "4th Pichay Cup"]
[Site "Manila PHI"]
[Date "2008.09.16"]
[Round "5"]
[White "Wohl,A"]
[Black "Laylo,D"]
[Result "0-1"]
[WhiteElo "2384"]
[BlackElo "2504"]

1.Nf3 d5 2.g3 Nf6 3.Bg2 g6 4.O-O Bg7 5.d3 O-O 6.Nbd2 c5 7.c4 Nc6 8.cxd5 Nxd5
9.Qa4 Nc7 10.Qh4 e5 11.Qxd8 Rxd8 12.Ne4 Ne6 13.Be3 Ncd4 14.Bxd4 cxd4 15.Rfc1 Rb8
16.Rc2 h6 17.Rac1 b6 18.Nd6 Bd7 19.Nc4 f6 20.Nh4 Be8 21.Bh3 Nc5 22.f4 exf4
23.gxf4 f5 24.Ne5 Kh7 25.Kf2 Ne6 26.Nxf5 Bxe5 27.fxe5 Ng5 28.Rc7+ Kh8 29.Nxh6 Nxh3+
30.Kg3 Ng5 31.Rf1 Bd7 32.Nf7+ Nxf7 33.Rxf7 Be6 34.Rh7+ Kg8 35.Rcg7+ Kf8 36.Rxg6 Bf5
37.Rf6+ Kg8 38.Rxa7 Rf8 39.Kf4 Rxf6 40.exf6 Bh3 41.Rg7+ Kf8 42.Rh7 Be6 43.Re7 Bxa2
44.Rd7 Re8 45.Rxd4 Rxe2 46.Rb4 Re6 47.Ra4 Bb3 48.Rb4 Bc2 49.Kf5 Kf7 50.Rd4 Rxf6+
51.Ke5 Re6+ 52.Kf4 Rh6 53.Rd7+ Ke8 54.Rd5 Ke7 55.Kg3 Rd6 56.Rb5 Rxd3+ 57.Kf4 Rb3  0-1

[Event "I Tancats B"]
[Site "Canovelles ESP"]
[Date "2008.09.17"]
[Round "5"]
[White "Gonzalez,RO"]
[Black "Almeida Toledano,D"]
[Result "1/2-1/2"]
[WhiteElo "2318"]
[BlackElo "2303"]

1.Nf3 d5 2.g3 Nf6 3.Bg2 g6 4.d4 Bg7 5.O-O O-O 6.c3 c6 7.Bf4 Nbd7 8.Qc1 Qb6
9.Nbd2 Nh5 10.Be3 f5 11.Nb3 a5 12.Ne5 Nxe5 13.dxe5 Qd8 14.f4 a4 15.Nd4 e6
16.Bf3 Bd7 17.b4 axb3 18.axb3 c5 19.Nc2 Rc8 20.Qd2 Qc7 21.Ra7 Rfd8 22.Rfa1 Bf8
23.R1a2 Ng7 24.Qe1 Bb5 25.Qf2 Qd7 26.Kg2 Rc7 27.R7a5 b6 28.R5a3 Bc6 29.Ra6 Rb7
30.h3 Ne8 31.Qe1 Nc7 32.Ra7 Nb5 33.Rxb7 Qxb7 34.Qa1 Ra8 35.Rxa8 Qxa8 36.Qxa8 Bxa8
37.Bd2 Kf7 38.g4 Ke8 39.Kg3 Be7 40.e3 Kd7 41.Be2 Nc7 42.g5 Bc6 43.h4 Bb5
44.Bd1 Bd3 45.h5 Ke8 46.hxg6 hxg6 47.Ne1 Bb5 48.Nf3 Kd8 49.Kf2 Be8 50.Be2  1/2-1/2

[Event "EYg18"]
[Site "Herceg Novi MNE"]
[Date "2008.09.17"]
[Round "3"]
[White "Zhorzholiani,M"]
[Black "Orehek,S"]
[Result "1-0"]
[WhiteElo "2136"]
[BlackElo "1886"]

1.Nf3 d5 2.g3 Bg4 3.Bg2 c6 4.O-O Nd7 5.d4 Ngf6 6.b3 e6 7.Bb2 Bd6 8.Nbd2 O-O
9.c4 Re8 10.Ne5 Bf5 11.f3 Qc7 12.Nxd7 Qxd7 13.e4 dxe4 14.fxe4 Bg4 15.Qe1 e5
16.c5 Bc7 17.Qf2 b5 18.a4 exd4 19.axb5 cxb5 20.c6 Qe7 21.Bxd4 Be5 22.Ra2 Red8
23.Bxe5 Qxe5 24.Rc1 Be6 25.c7 Rdc8 26.Rc5 Ng4 27.Rxe5 Nxf2 28.Kxf2 Rxc7 29.Rxb5 Rd8
30.Nf3 h6 31.Rd2 Rdc8 32.Nd4 Bd7 33.Ra5 Rb8 34.Bf1 Re8 35.Kf3 g6 36.Bc4 h5
37.Rda2 Bg4+ 38.Kf4 Ree7 39.Nb5 Rc5 40.Rxa7 g5+ 41.Ke3 Rce5 42.Rxe7 Rxe7
43.Ra7  1-0

[Event "EYg12"]
[Site "Herceg Novi MNE"]
[Date "2008.09.18"]
[Round "4"]
[White "Bivol,A"]
[Black "Styazhkina,A"]
[Result "0-1"]
[WhiteElo "1831"]
[BlackElo "1898"]

1.Nf3 d5 2.g3 c6 3.Bg2 Bg4 4.O-O Nd7 5.d3 e6 6.Nbd2 Bd6 7.e4 Ne7 8.Re1 O-O
9.c3 Nc5 10.Qc2 Bc7 11.b4 Nd7 12.Ba3 Re8 13.Rac1 Ng6 14.c4 Nf6 15.h3 Bxf3
16.Nxf3 d4 17.Bb2 e5 18.a4 a5 19.b5 cxb5 20.cxb5 Bd6 21.Qb3 h6 22.Re2 Nf8
23.Rec2 N8d7 24.Nd2 b6 25.Ba3 Bxa3 26.Qxa3 Nc5 27.Nc4 Nfd7 28.h4 Nb7 29.Rf1 Ndc5
30.f4 f6 31.fxe5 fxe5 32.Rf5 Nd6 33.Rxe5 Nxc4 34.Rxe8+ Qxe8 35.Rxc4 Qg6 36.Kh2 Rf8
37.Rxd4 Rf2 38.Qc1 Qf6 39.Qe3 Ne6 40.Rd6 Qb2 41.Rxe6 Rxg2+ 42.Kh3 Rh2+ 43.Kg4 Qb3
44.Kf5 Qa2 45.Qxb6 Rf2+ 46.Kg6 Rf8 47.g4 Qe2 48.Kh5 Qxd3 49.Qc6 Qf3 50.Rg6 Qf4
51.Qe6+ Kh7 52.b6 Rf7 53.e5 Qf3 54.b7 Qxb7 55.Qc4 Re7 56.Qc5 Re6 57.Qc4 Rxe5+
58.Rg5 Rxg5+  0-1

[Event "4th ch-EU"]
[Site "Liverpool ENG"]
[Date "2008.09.18"]
[Round "10"]
[White "Bennett,P"]
[Black "Roy,Ali"]
[Result "1-0"]
[WhiteElo "2120"]
[BlackElo "1693"]

1.Nf3 d5 2.g3 Nf6 3.Bg2 e6 4.d3 c5 5.O-O Be7 6.Nbd2 O-O 7.c3 Nc6 8.Qc2 Bd7
9.e4 dxe4 10.dxe4 Qc7 11.Re1 e5 12.Nc4 Be6 13.Ne3 Rad8 14.Ng5 Bd7 15.Nd5 Qc8
16.f4 Nxd5 17.exd5 Bf5 18.Be4 Bxe4 19.Qxe4 f5 20.Qg2 Bxg5 21.dxc6 exf4 22.cxb7 Qb8
23.Bxf4 Bxf4 24.gxf4 Rd7 25.Re5 Qxb7 26.Qxb7 Rxb7 27.b3 Rc7 28.Rd1 g6 29.Rdd5 Rfc8
30.Kf2 Kf7 31.c4 Kf6 32.h4 Kf7 33.h5 Kg7 34.Kg3 Kh6 35.Kh4 Rc6 36.Rd7 R8c7
37.Rdd5 Rc8 38.hxg6 hxg6 39.Kg3 R6c7 40.Kf3 Kg7 41.Rd6 Rh8 42.Ree6 Rh3+ 43.Kg2 Rh6
44.Rd3 Kf7 45.Re5 Rh8 46.Rd6 Kg7 47.Red5 Rf8 48.Rd7+ Rf7 49.Rxf7+ Kxf7 50.Rd6 Kg7
51.Kg3 Kh7 52.Kf3 Kh6 53.Rd5 Kg7 54.Rd8 Kf7 55.Rb8 Ke6 56.a4 Rh7 57.Kg3 Rd7
58.Kh4 Rd1 59.Re8+ Kf7 60.Ra8 Rd7 61.a5 Kf6 62.a6 Rh7+ 63.Kg3 Rd7 64.Rc8 Rd3+
65.Kh4 Rxb3 66.Rc6+ Kf7 67.Rxc5 Rb4 68.Kg5 Ke8 69.Rc7 Kd8 70.Rxa7 Rxc4 71.Rg7 Ra4
72.a7 Kc8 73.a8=Q+ Rxa8 74.Rg8+ Kb7 75.Rxa8 Kxa8 76.Kxg6  1-0

[Event "EYb14"]
[Site "Herceg Novi MNE"]
[Date "2008.09.19"]
[Round "5"]
[White "Gabuzyan,H"]
[Black "Juhasz,Kr"]
[Result "1/2-1/2"]
[WhiteElo "2079"]
[BlackElo "2175"]

1.Nf3 d5 2.g3 Nf6 3.Bg2 c6 4.O-O Bg4 5.d3 Nbd7 6.Nbd2 e5 7.e4 dxe4 8.dxe4 Be7
9.c3 O-O 10.Qc2 Qc7 11.Nc4 Rfd8 12.Bg5 b5 13.Bxf6 Bxf6 14.Ne3 Be6 15.Qe2 Nc5
16.Ne1 Bg5 17.N1c2 Rd7 18.Qh5 Bxe3 19.Nxe3 Nd3 20.b3 Rad8 21.Nf5 Bxf5 22.exf5 f6
23.Qf3 Rd6 24.Qe3 Qb6 25.Qxb6 axb6 26.a4 bxa4 27.Rxa4 c5 28.Rfa1 Nb2 29.Ra8 Nd1
30.c4 Nc3 31.Bb7 Ne2+ 32.Kg2 Nd4 33.Bd5+ Kh8 34.R1a6 Nxb3 35.Rxd8+ Rxd8 36.Rxb6 Nd4
37.g4 Rc8 38.Rb7 h6 39.Bf7 Kh7 40.h4  1/2-1/2

[Event "5th Highlands Open A"]
[Site "Zdar nad Sazavou CZE"]
[Date "2008.09.20"]
[Round "1"]
[White "Freisler,P"]
[Black "Olsarova,T"]
[Result "0-1"]
[WhiteElo "2308"]
[BlackElo "2075"]

1.Nf3 d5 2.g3 Nf6 3.Bg2 Bf5 4.c4 c6 5.cxd5 cxd5 6.Qb3 Qb6 7.Qxb6 axb6 8.Nc3 Bd7
9.d3 e6 10.Nd4 Bc5 11.Nb3 Bd6 12.e4 dxe4 13.dxe4 Ke7 14.Be3 Bc7 15.Rc1 Na6
16.f4 Bc6 17.Ke2 Rhd8 18.Bf3 Nd7 19.e5 f6 20.exf6+ gxf6 21.Nd4 Bxf3+ 22.Kxf3 Bd6
23.a3 Bc5 24.Ncb5 e5 25.Nf5+ Ke6 26.g4 Bxe3 27.Kxe3 Ndc5 28.Rcd1 exf4+ 29.Kf3 Rd3+
30.Kxf4 Rad8 31.Rhe1+ Kd5 32.Ne3+ Kc6 33.Na7+ Kc7 34.b4 Na4 35.Rxd3 Rxd3
36.Nf5 Nc3 37.Re8 b5 38.Nc8 Nb1 39.Nce7 Nxa3 40.Rh8 Nxb4 41.Rxh7 Rd7 42.Rh6 Nd3+
43.Kg3 b4 44.Ng8 b3 45.Nxf6 Rd8 46.Ne4 b2 47.Nc3 Nb4 48.Rh7+ Kb8 49.Kf2 Nd5  0-1

[Event "EYg16"]
[Site "Herceg Novi MNE"]
[Date "2008.09.21"]
[Round "6"]
[White "Trubitsyna,Y"]
[Black "Motycakova,M"]
[Result "1-0"]
[WhiteElo "1872"]
[BlackElo "1948"]

1.Nf3 d5 2.g3 Nf6 3.Bg2 g6 4.O-O Bg7 5.c4 O-O 6.cxd5 Nxd5 7.Nc3 c5 8.Qb3 Nb6
9.d3 a6 10.Ne4 c4 11.dxc4 Be6 12.Rd1 N8d7 13.Nfd2 Qc7 14.Ng5 Bxc4 15.Nxc4 Nxc4
16.Qxb7 Ra7 17.Qxc7 Rxc7 18.Rb1 Ncb6 19.Bf4 Rc2 20.Rd2 Rfc8 21.Be4 Rxd2 22.Bxd2 h6
23.Nf3 f5 24.Bb7 Rc2 25.Bxa6 Rxb2 26.Rxb2 Bxb2 27.Bxh6 e5 28.Nd2 Bc1 29.Bg5 Nc5
30.Bb5 Ne6 31.Be3 Nd4 32.Bxd4 exd4 33.Nf3 Bb2 34.a4 Kf8 35.a5 Nc8 36.Bd3 Ke7
37.Nd2 Ba3 38.Nf3 Bc5 39.Ne5 g5 40.Bxf5 Ba7 41.Be4 Ke6 42.Nc6 Bc5 43.a6 Nd6
44.Bf3 Nb5 45.Kg2 Kf5 46.Bd5 Kf6 47.Bc4 Nd6 48.Bd3 Nc8 49.a7 Nxa7 50.Nxa7 Bxa7
51.Kf3 Bc5 52.Kg4 Bb4 53.h4 gxh4 54.Kxh4 Be1 55.f4 Bf2 56.Kg4 Be3 57.Kf3 Kg7
58.g4 Kh6 59.Ke4 Bf2 60.Kf5 Bg3 61.Ke5 Kg7 62.g5 Bh2 63.Kf5 Bg1 64.Kg4 Be3
65.f5 Bc1 66.f6+ Kf8 67.Kf5 Ba3 68.g6  1-0

[Event "EYg14"]
[Site "Herceg Novi MNE"]
[Date "2008.09.21"]
[Round "6"]
[White "Baekelant,E"]
[Black "Kabai,Z"]
[Result "1/2-1/2"]
[WhiteElo "1935"]
[BlackElo "1829"]

1.Nf3 d5 2.g3 Nf6 3.Bg2 c6 4.O-O Bg4 5.d3 Nbd7 6.Nbd2 e5 7.h3 Bh5 8.e4 dxe4
9.dxe4 Be7 10.Qe1 Qc7 11.Nh4 Bg6 12.Kh1 Nh5 13.Nxg6 hxg6 14.Nc4 b5 15.Ne3 a6
16.c3 Nc5 17.Qe2 Rd8 18.Rd1 Rd6 19.Bd2 O-O 20.c4 Ne6 21.Nc2 Rfd8 22.Bc3 Rxd1+
23.Rxd1 Rxd1+ 24.Qxd1 Bd6 25.cxb5 axb5 26.Ne3 Kf8 27.Qd2 Ke7 28.Bf1 Qa7 29.b3 Nf6
30.f3 Nd7 31.Kg2 Bc5 32.Nd1 Nd4 33.Nf2 f6 34.Nd3 Bd6 35.Nb4 Bxb4 36.Bxb4+ c5
37.Bc3 b4 38.Bxd4 exd4 39.Qc2 Kd6 40.Kf2 Qa8 41.Bg2 Qa6 42.Bf1 Qa8 43.f4 Kc7
44.Be2 Kd8 45.Bf3 Qa6 46.Be2 Qa7 47.Bd3 Ke7 48.Qe2 Kd6 49.Bb5 Qa5 50.Kg1 Qa3
51.Bxd7 Qc1+ 52.Kg2 Kxd7 53.Qb5+ Ke7 54.Qb7+ Kf8 55.Qa8+ Kf7 56.Qd5+ Kf8
57.Qa8+ Kf7 58.Qd5+  1/2-1/2

[Event "9th YM Open"]
[Site "Lausanne SUI"]
[Date "2008.09.21"]
[Round "5"]
[White "Siebrecht,S"]
[Black "Duratti,L"]
[Result "1-0"]
[WhiteElo "2453"]
[BlackElo "2180"]

1.Nf3 d5 2.g3 Nf6 3.Bg2 e6 4.O-O Be7 5.d3 O-O 6.Nbd2 c5 7.e4 Nc6 8.Re1 Qc7
9.Qe2 b5 10.exd5 exd5 11.d4 cxd4 12.Nb3 Bg4 13.Qxb5 Rab8 14.Qf1 Bxf3 15.Bxf3 a5
16.a4 Bb4 17.Bf4 Bd6 18.Bg5 Ne5 19.Bg2 Ne4 20.Bf4 Ng6 21.Bxd6 Nxd6 22.Qd3 Rfc8
23.Nxd4 Rxb2 24.Bxd5 Rb6 25.Re2 Nb7 26.Nb5 Qd7 27.c4 Nc5 28.Qd4 Rf6 29.Rae1 Nxa4
30.h4 h5 31.Re7 Qf5 32.Rxf7 Rxf7 33.Nd6  1-0

[Event "EYb16"]
[Site "Herceg Novi MNE"]
[Date "2008.09.24"]
[Round "9"]
[White "Matveev,V3"]
[Black "Inonu,M"]
[Result "1/2-1/2"]
[WhiteElo "2187"]
[BlackElo "2009"]

1.Nf3 d5 2.g3 c5 3.Bg2 Nc6 4.O-O e5 5.d3 f6 6.Nc3 Be6 7.a3 Qd7 8.Rb1 O-O-O
9.e4 d4 10.Nd5 Nge7 11.c4 dxc3 12.bxc3 Nxd5 13.exd5 Bxd5 14.Qa4 h5 15.c4 Be6
16.Nh4 Bh3 17.Bxh3 Qxh3 18.Be3 Bd6 19.Qb5 Qd7 20.Bxc5 Bxc5 21.Qxc5 g5 22.Ng2 Qe7  1/2-1/2

[Event "5th Highlands Open A"]
[Site "Zdar nad Sazavou CZE"]
[Date "2008.09.26"]
[Round "7"]
[White "Freisler,P"]
[Black "Olsarova,K"]
[Result "0-1"]
[WhiteElo "2308"]
[BlackElo "2156"]

1.Nf3 d5 2.g3 Nf6 3.Bg2 Bf5 4.b3 e6 5.Bb2 Be7 6.d3 h6 7.Nbd2 Nbd7 8.e4 dxe4
9.dxe4 Bh7 10.Qe2 O-O 11.O-O c6 12.e5 Nd5 13.Ne4 Nc5 14.Nfd2 Nxe4 15.Nxe4 Bxe4
16.Bxe4 Qa5 17.c4 Nb6 18.f4 Rad8 19.Bd3 Nd7 20.f5 Nc5 21.Bc2 exf5 22.Rxf5 Rd2
23.Qe1 Ne6 24.Qe4 Qb6+ 25.Kh1 Nc5 26.Qf3 Rxc2 27.Bd4 Qc7 28.Rf1 Ne6 29.Rxf7 Nxd4
30.Rxf8+ Bxf8 31.Qxf8+ Kh7 32.Rf7 Qxe5 33.Re7 Qg5  0-1

[Event "17th CRO-chT 1b"]
[Site "Sibenik CRO"]
[Date "2008.09.27"]
[Round "1"]
[White "Dizdarevic,E"]
[Black "Nikolac,J"]
[Result "1-0"]
[WhiteElo "2501"]
[BlackElo "2423"]

1.Nf3 d5 2.g3 Nf6 3.Bg2 c6 4.O-O Bg4 5.d4 e6 6.Nbd2 Nbd7 7.Re1 Be7 8.e4 Nxe4
9.Nxe4 dxe4 10.Rxe4 Nf6 11.Re1 O-O 12.c3 Qb6 13.Qb3 Qxb3 14.axb3 Bxf3 15.Bxf3 a6
16.b4 Nd5 17.Bd2 Rad8 18.Re2 Bf6 19.Be4 g6 20.Bc2 Nc7 21.Kg2 Nb5 22.Bf4 Kg7
23.Bd3 Rd7 24.g4 h6 25.Bg3 g5 26.f4 Rfd8 27.Rf1 Nd6 28.fxg5 Bxg5 29.h4 Be7
30.Kh3 Rf8 31.Be5+ Kg8 32.g5 hxg5 33.hxg5 Bxg5 34.Rg2 f6 35.Rxf6  1-0

[Event "Zvenigorodskaya Open A"]
[Site "Zvenigorod RUS"]
[Date "2008.09.27"]
[Round "4"]
[White "Potapov,Alexe"]
[Black "Gorbatov,A"]
[Result "1/2-1/2"]
[WhiteElo "2329"]
[BlackElo "2423"]

1.Nf3 d5 2.g3 Nc6 3.Bg2 e5 4.O-O Nf6 5.d3 h6 6.Nfd2 Bc5 7.Nc3 Be6 8.Nb3 Bb6
9.Na4 Qe7 10.Bd2 O-O 11.h3 Rad8 12.Kh2 Bc8 13.e3 Rfe8 14.Qe2 Qd6 15.c4 dxc4
16.dxc4 Nd7 17.Rfd1 Qe7 18.a3 e4 19.Rac1 a6 20.Bc3 Ba7 21.Nd2 f5 22.b4 Nce5
23.Nb2 c5 24.Nb3 b6 25.Rd2 Bb8 26.Rcd1 Bc7 27.bxc5 Nxc5 28.Rxd8 Rxd8 29.Rxd8+ Qxd8
30.Nxc5 bxc5 31.Qc2 Qe8 32.Bxe5 Qxe5 33.Na4 h5  1/2-1/2

[Event "ch-Commonwealth"]
[Site "Nagpur IND"]
[Date "2008.09.28"]
[Round "1"]
[White "Panchanathan,M"]
[Black "Ghosh,D"]
[Result "1-0"]
[WhiteElo "2486"]
[BlackElo "2028"]

1.Nf3 d5 2.g3 Nf6 3.Bg2 c6 4.O-O Nbd7 5.d4 e6 6.c4 Bd6 7.b3 O-O 8.Bb2 b6
9.Nbd2 Bb7 10.Qc2 c5 11.dxc5 Nxc5 12.Ng5 Ncd7 13.cxd5 exd5 14.Rad1 h6 15.Nh3 Re8
16.Nc4 Qc7 17.Qf5 Bc5 18.Ne3 Bxe3 19.fxe3 Ne5 20.Nf4 Neg4 21.Nh5 Bc8 22.Nxf6+ Nxf6
23.Qd3 Ne4 24.Qd4 f5 25.Rc1 Qf7 26.Bf3 Nf6 27.Qf4 Be6 28.Rc7 Re7 29.Rfc1 Rae8
30.Ba3 Rd7 31.Rxd7 Bxd7 32.Rc7 a5 33.Bb2 Re6 34.Qxf5 Rxe3 35.Qf4 Re6 36.a4 Rc6
37.Rxc6 Bxc6 38.Qb8+ Qe8 39.Qxb6 Ne4 40.Qxa5 Ng5 41.Bxd5+  1-0

[Event "Tatry Open"]
[Site "Tatranske Zruby SVK"]
[Date "2008.09.28"]
[Round "2"]
[White "Ruzicka,P"]
[Black "Murin,P"]
[Result "1-0"]
[WhiteElo "2286"]
[BlackElo "2072"]

1.Nf3 d5 2.g3 Nf6 3.Bg2 c6 4.d3 Bg4 5.Nbd2 Nbd7 6.h3 Bxf3 7.Bxf3 e6 8.Rb1 Bd6
9.a3 a5 10.c4 Qc7 11.O-O O-O 12.Bg2 Rfe8 13.Qc2 a4 14.Rd1 Nh5 15.Nf1 Nc5
16.Bd2 Nb3 17.Be1 f5 18.e3 Nf6 19.Nd2 Nc5 20.d4 Nce4 21.c5 Bf8 22.b4 g6 23.Nf3 Nd7
24.Rdc1 e5 25.b5 exd4 26.exd4 Bh6 27.Rd1 Ndf6 28.Rb4 f4 29.g4 Nd7 30.Rdb1 cxb5
31.Rxb5 Reb8 32.Qa2 Qc6 33.Ne5 Nxe5 34.Bxe4  1-0

[Event "IX GM"]
[Site "Banja Luka BIH"]
[Date "2008.09.29"]
[Round "1"]
[White "Vukic,M"]
[Black "Savanovic,A"]
[Result "1-0"]
[WhiteElo "2457"]
[BlackElo "2417"]

1.Nf3 d5 2.g3 Nf6 3.Bg2 c5 4.O-O e6 5.c4 d4 6.d3 Nc6 7.e3 Be7 8.exd4 cxd4
9.Na3 O-O 10.Nc2 a5 11.Re1 Ne8 12.a3 f6 13.Rb1 a4 14.Bd2 Nc7 15.Bb4 e5 16.Bxe7 Nxe7
17.Nb4 Ne6 18.Nd2 Kh8 19.Qe2 g5 20.Rbc1 Ra5 21.Bd5 Ng6 22.Bxe6 Bxe6 23.c5 Bd5
24.c6 bxc6 25.Nxc6 Bxc6 26.Rxc6 Qa8 27.Rec1 Ra6 28.Rc7 Re6 29.Qh5 Re7 30.Ne4 Qd8
31.R7c6 Rb7 32.Nxf6  1-0

[Event "ch-Commonwealth"]
[Site "Nagpur IND"]
[Date "2008.09.29"]
[Round "2"]
[White "Wohl,A"]
[Black "Pon,N"]
[Result "1-0"]
[WhiteElo "2384"]
[BlackElo "2156"]

1.Nf3 d5 2.g3 c5 3.Bg2 Nc6 4.d4 e6 5.O-O Nf6 6.c4 dxc4 7.Ne5 Nxd4 8.e3 Nf5
9.Qxd8+ Kxd8 10.Nxf7+ Ke8 11.Nxh8 Be7 12.h3 g6 13.Na3 Nd6 14.e4 e5 15.f4 Nd7
16.f5 gxf5 17.exf5 Bf6 18.Ng6 hxg6 19.fxg6 Bg7 20.Bg5 Nf8 21.Rad1 Ne6 22.Bf6 Bxf6
23.Rxf6 Ke7 24.g7 Bd7 25.Rg6 Rg8 26.Nxc4 Nxc4 27.Rxd7+ Kxd7 28.Bd5 Rxg7 29.Bxe6+ Ke7
30.Rxg7+ Kxe6  1-0

[Event "ch-Commonwealth"]
[Site "Nagpur IND"]
[Date "2008.09.30"]
[Round "3"]
[White "Ramakrishna,J"]
[Black "Negi,P"]
[Result "1/2-1/2"]
[WhiteElo "2321"]
[BlackElo "2529"]

1.g3 d5 2.Nf3 Nf6 3.Bg2 g6 4.c4 Bg7 5.cxd5 Nxd5 6.O-O Nc6 7.Nc3 O-O 8.Qa4 Nb6
9.Qh4 Bf6 10.Ng5 h5 11.d3 Nd4 12.h3 e5 13.g4 Be7 14.Be4 Ne6 15.Nxe6 Bxh4
16.Nxd8 Rxd8 17.Bf3 c6 18.Kg2 hxg4 19.hxg4 Be7 20.Rh1 Be6 21.Ne4 Nd5 22.Rh2 f6
23.Bd2 Kg7 24.Rc1 Rh8 25.Nc5 Rxh2+ 26.Kxh2 Bxc5 27.Rxc5 Kf7 28.Kg3 Ke7 29.Bxd5 Bxd5
30.a3 Rh8  1/2-1/2

[Event "17th CRO-chT 1b"]
[Site "Sibenik CRO"]
[Date "2008.09.30"]
[Round "4"]
[White "Nikolac,J"]
[Black "Gyimesi,Z"]
[Result "0-1"]
[WhiteElo "2423"]
[BlackElo "2586"]

1.Nf3 d5 2.g3 c6 3.Bg2 Bg4 4.d3 Nd7 5.Nbd2 Ngf6 6.h3 Bh5 7.g4 Bg6 8.Nh4 e6
9.Nxg6 hxg6 10.b3 Bc5 11.Nf3 e5 12.Bb2 Qe7 13.e3 O-O-O 14.Qe2 Ne8 15.O-O-O Ba3
16.c4 Nc7 17.Bxa3 Qxa3+ 18.Qb2 Qe7 19.Rd2 f6 20.Rhd1 Nc5 21.cxd5 Nxd5 22.Ne1 Ne6
23.Nc2 Ng5 24.Rh1 Kb8 25.a3 Rh4 26.b4 Nb6 27.Kb1 Nc4  0-1

[Event "Tatry Open"]
[Site "Tatranske Zruby SVK"]
[Date "2008.09.30"]
[Round "5"]
[White "Belunek,V"]
[Black "Stradej,V"]
[Result "1-0"]
[WhiteElo "2295"]
[BlackElo "2131"]

1.Nf3 d5 2.g3 c6 3.Bg2 Nf6 4.O-O g6 5.b3 Bg7 6.Bb2 O-O 7.d3 Nbd7 8.c4 e6
9.Qc2 Nh5 10.Bxg7 Nxg7 11.d4 a6 12.Nbd2 Nf6 13.e4 Nxe4 14.Nxe4 dxe4 15.Qxe4 Qf6
16.Rad1 Rd8 17.Rd3 Ne8 18.Rfd1 Nd6 19.Qe5 Qg7 20.Qc5 Qf8 21.h4 Bd7 22.h5 Ne8
23.hxg6 hxg6 24.Ne5 Qg7 25.Qb6 Rab8 26.Nxd7 Rxd7 27.Bxc6 Re7 28.Bg2 Nf6 29.d5 exd5
30.cxd5 Rbe8 31.Kf1 Re2 32.Qd4 Rxa2 33.d6 b5 34.d7 Rd8 35.Bh3 Nh5 36.Qxg7+ Nxg7
37.Rc3 Kf8 38.Rc8 Ke7 39.Re1+ Ne6 40.Bxe6 fxe6 41.Rxd8 Kxd8 42.Rxe6 Kxd7
43.Rxg6 Rb2 44.Rxa6 Rxb3 45.Kg2 Kc7 46.g4 b4 47.f3 Ra3 48.Re6 b3 49.Re1 b2
50.Rb1 Rb3 51.g5  1-0

[Event "Zvenigorodskaya Open A"]
[Site "Zvenigorod RUS"]
[Date "2008.09.30"]
[Round "9"]
[White "Golovin,Leo"]
[Black "Derbenev,A"]
[Result "1-0"]
[WhiteElo "2457"]
[BlackElo "2302"]

1.Nf3 d5 2.g3 c6 3.Bg2 Bg4 4.O-O Nd7 5.d3 e5 6.Nbd2 Ngf6 7.e4 Bd6 8.h3 Bh5
9.Re1 O-O 10.c3 Re8 11.Qc2 Bf8 12.Nf1 dxe4 13.dxe4 Nc5 14.Bg5 Qd3 15.Qxd3 Nxd3
16.Re2 Be7 17.Ne3 h6 18.Bxf6 Bxf6 19.b4 Rad8 20.Rd1 Rd7 21.Red2 Red8 22.h4 Bxf3
23.Bxf3 Nc5 24.Rxd7 Nxd7 25.Nc4 Nb8 26.Rxd8+ Bxd8 27.Nd6 b6 28.Bd1 Bc7 29.Ne8 Bd8
30.Nd6 Kf8 31.Bb3 f6 32.h5 Bc7 33.Nf5 a5 34.bxa5 b5 35.c4 b4 36.Ba4 Bxa5
37.Kf1 Bb6 38.Ke2 Bc5 39.Kf3 Kf7 40.Nh4 Ke6 41.Nf5 Bf8 42.Ke2 Kd7 43.Ke3 Na6
44.Bd1 Nc5 45.Bc2 Ne6 46.Ba4 Kc7 47.Bd1 Kb6 48.Bg4 Nc5 49.Bd1 Nb7 50.Kd3 Kc5
51.Bb3 Nd8 52.Ke3 Ne6 53.Nh4 Kb6 54.Nf5 Ng5 55.Kd3 Kc5 56.Ke3 Ne6 57.Kd3 Kb6
58.Ke3 Bc5+ 59.Ke2 Kc7 60.Bd1 Bf8 61.Bc2 Kd7 62.Ke3 Nc5 63.Bd1 Ke8 64.Bb3 Kf7
65.Nh4 Bd6 66.Bc2 Bc7 67.Ke2 Ne6 68.Ba4 Ke7 69.Nf5+ Kd7 70.c5 Nxc5 71.Bc2 Bd6
72.Nxg7 Bf8 73.Nf5 Kc7 74.Ne3 Ne6 75.Ng4 Bg7 76.Bb3 Nc5 77.Ke3 Kb6 78.f4 Kb5
79.Kf3 Nb7 80.fxe5 fxe5 81.Ne3 Na5 82.Ke2 Kc5 83.Kd3 Nb7 84.Nf5 Bf8 85.g4 Kb5
86.g5 Nc5+ 87.Ke3 hxg5 88.h6 Bxh6 89.Nxh6 Nxb3 90.axb3 c5 91.Ng4 c4 92.bxc4+ Kxc4
93.Nxe5+ Kc3 94.Nd3 Kc4 95.Nb2+ Kc5 96.Nd3+ Kc4 97.Nc1 Kc5 98.Kd3 g4 99.Nb3+ Kd6
100.Ke3 Ke5 101.Nc5 Kf6 102.Kf4 g3 103.Kxg3 Ke5 104.Kf3 Kd4 105.Na4 b3 106.Kf4 Kc4
107.e5 Kb4 108.e6 Kxa4 109.e7 b2 110.e8=Q+ Kb3 111.Qb5+ Kc2 112.Qc4+  1-0

[Event "Autumn-5"]
[Site "Alushta UKR"]
[Date "2008.10.01"]
[Round "8"]
[White "Obukhov,A"]
[Black "Iljin,T"]
[Result "1/2-1/2"]
[WhiteElo "2438"]
[BlackElo "2408"]

1.Nf3 d5 2.g3 c6 3.Bg2 Bg4 4.c4 e6 5.O-O Nd7 6.cxd5 exd5 7.d3 Ngf6 8.Nc3 Bc5
9.Qb3 Nb6 10.a4 a5 11.Bg5 h6 12.Bxf6 Qxf6 13.Rac1 Bb4 14.Na2 Qd6 15.Ra1 O-O
16.Nxb4 axb4 17.a5 Nd7 18.d4 b6 19.Ne5 Nxe5 20.dxe5 Qc5 21.Rac1 Qb5 22.f3 Be6
23.axb6 Qxb6+ 24.Kh1 c5 25.f4 d4 26.Bd5 Rac8 27.Bxe6 fxe6 28.Rc4 Rfd8 29.Qf3 Rd5
30.Qe4 Rcd8 31.Rf3 Qa6 32.b3 Qa1+ 33.Kg2 d3 34.Rxd3 Rxd3 35.exd3 Qa2+ 36.Kh3 Qxb3
37.Rxc5 Qxd3 38.Qxd3 Rxd3 39.Rb5 b3 40.Kg4 g6  1/2-1/2

[Event "Club Argentino-Ruibal"]
[Site "Buenos Aires ARG"]
[Date "2008.10.02"]
[Round "4"]
[White "Garcia Palermo,C"]
[Black "Dos Santos,R"]
[Result "1/2-1/2"]
[WhiteElo "2456"]
[BlackElo "2435"]

1.g3 d5 2.Nf3 Bg4 3.Bg2 c6 4.b3 Nd7 5.Bb2 Ngf6 6.c4 e6 7.d3 Qa5+ 8.Nbd2 Bxf3
9.Bxf3 Ba3 10.Qc1 Bxb2 11.Qxb2 O-O 12.O-O h6 13.b4 Qb6 14.Rab1 a6 15.Rfc1 Rfc8
16.a4 a5 17.b5 Qd8 18.d4 Rab8 19.b6 c5 20.cxd5 Nxd5 21.Bxd5 exd5 22.Qb5 Qe7
23.Nf3 c4 24.Qxd5 Qxe2 25.Kg2 Nf6 26.Qxa5 Ra8 27.Qf5 c3 28.Rc2 Qc4 29.a5 Qc6
30.Rb5 g6 31.Qd3 Nd5 32.Rc5 Qe6 33.Re2 Qd6 34.Qc4 Rxc5 35.dxc5 Qc6 36.Re5 Rd8
37.h4 h5 38.Kg1 Nxb6 39.Qxc3 Nc4 40.Qxc4 Qxf3 41.Re1 Rd2 42.Qf1 Rc2  1/2-1/2

[Event "TCh-AUT 2nd Bundesliga Ost 2008-9"]
[Site "Austria AUT"]
[Date "2008.10.03"]
[Round "1"]
[White "Vlcek,S"]
[Black "Plachetka,J"]
[Result "0-1"]
[WhiteElo "2312"]
[BlackElo "2406"]

1.Nf3 d5 2.g3 Nf6 3.Bg2 c6 4.O-O Bg4 5.d3 Nbd7 6.Nbd2 e5 7.h3 Bh5 8.e4 Bd6
9.Qe1 O-O 10.Nh4 Re8 11.a4 Nc5 12.Nf5 Bf8 13.b3 Qa5 14.Bb2 Rad8 15.exd5 cxd5
16.Ne4 Qxe1 17.Nxf6+ gxf6 18.Rfxe1 d4 19.Ba3 b6 20.a5 Bg6 21.axb6 axb6 22.g4 Ne6
23.Bc6 Ng5 24.Kg2 Re6 25.Bxf8 Kxf8 26.Bb5 h5 27.h4 hxg4 28.Nh6 Nf3 29.Rh1 f5
30.Ra7 Re7 31.Rxe7 Kxe7 32.h5 Bh7 33.Ra1 Kf6 34.Ra7 Ng5 35.Bd7 Rf8 36.Rc7 Nh3
37.Be8 Nf4+ 38.Kh2 Rxe8 39.Rxf7+ Kg5 40.Rxh7 Rc8 41.Nf7+ Kf6 42.h6 Rxc2 43.Rg7 Rxf2+
44.Kg1 Rg2+ 45.Kh1 g3 46.Nd6 Rh2+ 47.Kg1 Rxh6 48.Rf7+ Ke6 49.Nxf5 Rh8  0-1

[Event "ch-Commonwealth"]
[Site "Nagpur IND"]
[Date "2008.10.03"]
[Round "7"]
[White "Das,Debas"]
[Black "Rahman,SM"]
[Result "1/2-1/2"]
[WhiteElo "2118"]
[BlackElo "2297"]

1.Nf3 d5 2.g3 Nf6 3.Bg2 c6 4.O-O Bg4 5.d3 e6 6.Nbd2 Bd6 7.b3 O-O 8.Bb2 Nbd7
9.Qe1 Re8 10.e4 e5 11.h3 Bh5 12.Nh4 Bf8 13.Kh1 Nc5 14.Qe3 dxe4 15.dxe4 Nfd7
16.Nf5 f6 17.b4 Ne6 18.a3 Qc7 19.Bf3 Bf7 20.Be2 c5 21.c3 Nb6 22.Rac1 a5 23.Rfd1 c4
24.h4 g6 25.Nh6+ Bxh6 26.Qxh6 Ng7 27.Qe3 f5 28.Ba1 a4 29.Qc5 Rac8 30.Qxc7 Rxc7
31.Nf1 fxe4 32.Rd6 Rc6 33.Rcd1 Nf5 34.R6d2 Kg7 35.Ne3 Nxe3 36.fxe3 Rf6 37.Kg2 Rf8
38.Bg4 Be8 39.Re1 h5 40.Bd1 Bd7 41.Bc2 Bc6 42.Bb2 Rf3 43.Bd1 R3f7 44.Bc2  1/2-1/2

[Event "1st WMSG Blitz Ind"]
[Site "Beijing CHN"]
[Date "2008.10.04"]
[Round "6"]
[White "Zhang Zhong"]
[Black "Sandipan,C"]
[Result "1-0"]
[WhiteElo "2649"]
[BlackElo "2579"]

1.Nf3 d5 2.g3 Nf6 3.Bg2 e6 4.O-O Be7 5.d3 O-O 6.Nbd2 c5 7.e4 Nc6 8.Re1 b5
9.e5 Ne8 10.Nf1 Nc7 11.h4 b4 12.N1h2 a5 13.Bf4 a4 14.Ng5 f5 15.exf6 Bxf6
16.Bxc7 Qxc7 17.Nxe6 Bxe6 18.Rxe6 Rad8 19.Rb1 Bd4 20.Nf3 Qxg3 21.Qe2 Qc7
22.Qd2 Bf6 23.c3 bxc3 24.bxc3 Rb8 25.Rxb8 Rxb8 26.Re1 a3 27.c4 dxc4 28.dxc4 Nd4
29.Ng5 Bxg5 30.Qxg5 Kh8 31.Bd5 Rf8 32.Re7 Ne2+ 33.Kh1  1-0